UBT Library

Aging with style and savvy / (Record no. 43351)

000 -LEADER
fixed length control field 00652cam a2200229 a 4500
001 - CONTROL NUMBER
control field 1036978
005 - DATE AND TIME OF LATEST TRANSACTION
control field 20180224031057.0
008 - FIXED-LENGTH DATA ELEMENTS--GENERAL INFORMATION
fixed length control field 890929s1990 ilua a 001 0 eng
010 ## - LIBRARY OF CONGRESS CONTROL NUMBER
LC control number 89028365
020 ## - INTERNATIONAL STANDARD BOOK NUMBER
International Standard Book Number 0838905269 (alk. paper)
040 ## - CATALOGING SOURCE
Original cataloging agency DLC
Transcribing agency DLC
Modifying agency DLC
041 ## - LANGUAGE CODE
Language code of text/sound track or separate title eng
043 ## - GEOGRAPHIC AREA CODE
Geographic area code n-us---
080 ## - UNIVERSAL DECIMAL CLASSIFICATION NUMBER
Universal Decimal Classification number 016.3052
082 00 - DEWEY DECIMAL CLASSIFICATION NUMBER
Classification number 016.3052 DON
Edition number 20
100 1# - Rafti
Rafti 40
101 ## - Shkurtesa
Shkurtesa MED
245 10 - TITLE STATEMENT
Title Aging with style and savvy /
Statement of responsibility, etc Denise Perry Donavin.
906 ## - LOCAL DATA ELEMENT F, LDF (RLIN)
a 7
b cbc
c orignew
d 1
e ocip
f 19
g y-gencatlg
942 ## - ADDED ENTRY ELEMENTS (KOHA)
Source of classification or shelving scheme
Item type Books
Holdings
Withdrawn status Lost status Source of classification or shelving scheme Damaged status Not for loan Collection code Permanent location Current location Shelving location Date acquired Total Checkouts Full call number Barcode Date last seen Price effective from Koha item type
          Koleksioni i përgjithshem UBT - Lipjan UBT - Lipjan Koleksioni i përgjithshem 02/24/2018   016.3052 DON 002-2999636 02/24/2018 02/24/2018 Books
UBT Library © 2015-2024. All rights reserved University Education for Business and Technology